Statistics for Songs Sung by Fictional Characters

Click here to take the quiz!

General Stats

  • This quiz has been taken 14,730 times
  • The average score is 10 of 20

Answer Stats

SongCharacter% Correct
A Spoonful of SugarMary Poppins
89%
A Whole New WorldAladdin and Jasmine
82%
Over the RainbowDorothy Gale
81%
C is for CookieCookie Monster
81%
It's the Hard Knock LifeLittle Orphan Annie
78%
Under the SeaSebastian
72%
Whistle While You WorkSnow White
61%
Can We Fix It?Bob the Builder
60%
The Sound of MusicMaria von Trapp
58%
Rubber DuckieErnie
54%
Be Our GuestLumiere and Mrs. Potts
53%
When You Wish Upon a StarJiminy Cricket
51%
Rainbow ConnectionKermit the Frog
47%
The Best of Both WorldsHannah Montana
46%
Go the DistanceHercules
43%
Defying GravityWicked Witch of the West
34%
Believe It or Not, George
Isn't At Home
George {Costanza}
14%
The Impossible DreamDon Quixote
13%
You Don't Win Friends
With Salad
Bart and Homer Simpson
13%
Out ThereQuasimodo
12%

Score Distribution

Percentile by Number Answered

Percent of People with Each Score

Your Score History

You have not taken this quiz